[Event "HUN-chT 1516"]
[Site "Hungary"]
[Date "2016.02.28"]
[Round "5.10"]
[White "Videki, Sandor"]
[Black "Simon, Laszlo"]
[Result "1-0"]
[WhiteElo "2399"]
[BlackElo "2075"]
[PlyCount "111"]
[EventDate "2015.11.07"]
[EventType "team-tourn"]
[EventRounds "11"]
[EventCountry "HUN"]
[SourceTitle "CBM 171 Extra"]
[Source "ChessBase"]
[SourceDate "2016.04.26"]
[SourceVersion "1"]
[SourceVersionDate "2016.04.26"]
[SourceQuality "1"]
[WhiteTeam "Paks"]
[BlackTeam "Husi"]
[WhiteTeamCountry "HUN"]
[BlackTeamCountry "HUN"]

1. c4 Nf6 2. Nc3 c5 3. Nf3 Nc6 4. e3 e6 5. d4 cxd4 6. exd4 d5 7. c5 Ne4 8. Qc2 Nxc3 9. Qxc3 Qa5 10. Qxa5 Nxa5 11. Bd2 Nc6 12. b4 f6 13. Bc3 Be7 14. Bd3 0-0 15. 0-0 Bd7 16. Rfe1 Rfe8 17. b5 Nd8 18. Nd2 Bf8 19. Nb3 Nf7 20. a4 g6 21. f3 e5 22. Kf2 Bg7 23. Rac1 Rac8 24. Ba1 f5 25. dxe5 Nxe5 26. Bf1 Rcd8 27. Bd4 a6 28. Rc3 axb5 29. axb5 Nc4 30. Bxg7 Kxg7 31. Bxc4 Rxe1 32. Kxe1 dxc4 33. Nd4 Kf6 34. Rxc4 Ke5 35. Rb4 Rc8 36. Nb3 Be6 37. f4+ Kf6 38. c6 Bxb3 39. Rxb3 bxc6 40. b6 Ke6 41. Kd2 Rb8 42. Kc3 Kd5 43. b7 Kd6 44. Kc4 Kc7 45. Rh3 h5 46. Rg3 Rg8 47. Kc5 Kxb7 48. Re3 Rg7 49. h4 Kc7 50. Re6 Kd7 51. Rxc6 Rg8 52. Kd5 Ke7 53. Ke5 Ra8 54. Rxg6 Ra5+ 55. Kd4 Ra4+ 56. Ke3 1-0

[Event "HUN-chT 1516"]
[Site "Hungary"]
[Date "2015.12.06"]
[Round "4.10"]
[White "Simon, Laszlo"]
[Black "Flumbort, Andras"]
[Result "0-1"]
[WhiteElo "2075"]
[BlackElo "2463"]
[PlyCount "76"]
[EventDate "2015.11.07"]
[EventType "team-tourn"]
[EventRounds "11"]
[EventCountry "HUN"]
[SourceTitle "CBM 169 Extra"]
[Source "ChessBase"]
[SourceDate "2015.12.18"]
[SourceVersion "1"]
[SourceVersionDate "2015.12.18"]
[SourceQuality "1"]
[WhiteTeam "Husi"]
[BlackTeam "Aquaprofit"]
[WhiteTeamCountry "HUN"]
[BlackTeamCountry "HUN"]

1. d4 Nf6 2. Nf3 c5 3. e3 g6 4. c4 Bg7 5. Nc3 0-0 6. Be2 cxd4 7. exd4 d5 8. h3 Nc6 9. 0-0 dxc4 10. Bxc4 Na5 11. Be2 Be6 12. Qa4 a6 13. Be3 b5 14. Qc2 Rc8 15. Qd2 Nc4 16. Bxc4 Bxc4 17. Rfd1 Re8 18. Ne5 Be6 19. Nd3 Qd6 20. Nc5 b4 21. Ne2 Bc4 22. Nf4 a5 23. b3 Bd5 24. a3 Ne4 25. Nxe4 Bxe4 26. axb4 Rc2 27. Qe1 axb4 28. Ra4 Rc3 29. Bd2 Bc2 30. Bxc3 bxc3 31. Rda1 Qxf4 32. Ra8 Rxa8 33. Rxa8+ Bf8 34. Qxe7 Qh6 35. Qc5 Be4 36. Rc8 c2 37. Qc3 Qg5 38. g3 Qc1+ 0-1

[Event "HUN-chT 1415"]
[Site "Hungary"]
[Date "2015.03.22"]
[Round "8.3"]
[White "Simon, Laszlo"]
[Black "Flumbort, Andras"]
[Result "0-1"]
[WhiteElo "2077"]
[BlackElo "2469"]
[PlyCount "56"]
[EventDate "2014.10.12"]
[EventType "team-tourn"]
[EventRounds "9"]
[EventCountry "HUN"]
[SourceTitle "EXT 2016"]
[Source "ChessBase"]
[SourceDate "2015.10.08"]
[SourceVersion "1"]
[SourceVersionDate "2015.10.08"]
[SourceQuality "1"]
[WhiteTeam "Husi"]
[BlackTeam "Aquaprofit"]
[WhiteTeamCountry "HUN"]
[BlackTeamCountry "HUN"]

1. d4 Nf6 2. Nf3 g6 3. g3 c5 4. c3 Qa5 5. Bg2 cxd4 6. b4 Qb6 7. Qxd4 Bg7 8. Qxb6 axb6 9. Nd4 Nc6 10. Nb5 0-0 11. Bb2 d6 12. Nd2 Bd7 13. Na3 Be6 14. Nac4 Nd7 15. a3 b5 16. Ne3 Nb6 17. Rc1 Rfc8 18. 0-0 Nd8 19. Nd1 Rc7 20. Be4 Na4 21. Ba1 Rac8 22. Nb1 d5 23. Bd3 Bd7 24. e3 Ne6 25. Bc2 d4 26. Bxa4 bxa4 27. Bb2 Bb5 28. Re1 Ng5 0-1

[Event "HUN-chT 1415"]
[Site "Hungary"]
[Date "2015.01.25"]
[Round "5.2"]
[White "Lorand, Norbert"]
[Black "Simon, Laszlo"]
[Result "1-0"]
[WhiteElo "2348"]
[BlackElo "2077"]
[PlyCount "49"]
[EventDate "2014.10.12"]
[EventType "team-tourn"]
[EventRounds "9"]
[EventCountry "HUN"]
[SourceTitle "EXT 2016"]
[Source "ChessBase"]
[SourceDate "2015.10.08"]
[SourceVersion "1"]
[SourceVersionDate "2015.10.08"]
[SourceQuality "1"]
[WhiteTeam "Dunaharaszti"]
[BlackTeam "Husi"]
[WhiteTeamCountry "HUN"]
[BlackTeamCountry "HUN"]

1. e4 c5 2. Nf3 Nc6 3. d4 cxd4 4. Nxd4 e6 5. Nc3 Qc7 6. Be3 Nf6 7. f3 a6 8. Qd2 Bb4 9. a3 Be7 10. g4 h6 11. 0-0-0 b5 12. h4 b4 13. axb4 Bxb4 14. Nxc6 Qxc6 15. Qd4 Rb8 16. Be2 d6 17. g5 e5 18. Qc4 Qxc4 19. Bxc4 hxg5 20. hxg5 Nh5 21. Nd5 Ba5 22. c3 Bd8 23. Nb4 Rxb4 24. cxb4 Ke7 25. Kc2 1-0

[Event "HUN-chT2 Charousek 1314"]
[Site "Hungary"]
[Date "2014.04.13"]
[Round "10"]
[White "Kercsmarics, Jozsef"]
[Black "Simon, Laszlo"]
[Result "0-1"]
[WhiteElo "2016"]
[BlackElo "2136"]
[PlyCount "86"]
[EventDate "2013.09.08"]
[EventType "team-tourn"]
[EventRounds "11"]
[EventCountry "HUN"]
[SourceTitle "EXT 2016"]
[Source "ChessBase"]
[SourceDate "2015.10.08"]
[SourceVersion "1"]
[SourceVersionDate "2015.10.08"]
[SourceQuality "1"]
[WhiteTeam "Nagykanizsa II"]
[BlackTeam "Budapest HUSI"]
[WhiteTeamCountry "HUN"]
[BlackTeamCountry "HUN"]

1. e4 c5 2. Nf3 Nc6 3. d4 cxd4 4. Nxd4 e6 5. Nc3 Qc7 6. Be3 Nf6 7. a3 Be7 8. Be2 0-0 9. 0-0 a6 10. f4 d6 11. Bf3 Na5 12. Be2 Nc4 13. Bxc4 Qxc4 14. Qd3 Qc7 15. Kh1 b5 16. Rae1 Bb7 17. Bg1 Rac8 18. Re3 Qc4 19. Rh3 g6 20. Re1 Qxd3 21. cxd3 Rfd8 22. Nb3 Nd7 23. d4 Nb6 24. Na5 Ba8 25. b3 d5 26. b4 dxe4 27. Nxe4 Rc2 28. Nb3 Nc4 29. Nbc5 Bxc5 30. dxc5 f5 31. Nf2 Bd5 32. Rg3 Ra2 33. Rd3 Bxg2+ 34. Kxg2 Rxd3 35. Rxe6 Re3 36. Rxa6 Raxa3 37. Rc6 Re8 38. Rc7 Ne3+ 39. Kh1 Nd5 40. Rb7 Nxb4 41. Rxb5 Nd5 42. c6 Nxf4 43. c7 Ne6 0-1

[Event "HUN-chT2 Charousek 1314"]
[Site "Hungary"]
[Date "2014.03.02"]
[Round "8"]
[White "Simon, Laszlo"]
[Black "Novaky, Csaba"]
[Result "1/2-1/2"]
[WhiteElo "2136"]
[BlackElo "2070"]
[PlyCount "28"]
[EventDate "2013.09.08"]
[EventType "team-tourn"]
[EventRounds "11"]
[EventCountry "HUN"]
[SourceTitle "EXT 2016"]
[Source "ChessBase"]
[SourceDate "2015.10.08"]
[SourceVersion "1"]
[SourceVersionDate "2015.10.08"]
[SourceQuality "1"]
[WhiteTeam "Budapest HUSI"]
[BlackTeam "Budapest EAC"]
[WhiteTeamCountry "HUN"]
[BlackTeamCountry "HUN"]

1. d4 Nf6 2. Nf3 d5 3. g3 e6 4. Bg2 c5 5. 0-0 cxd4 6. Nxd4 Nc6 7. Nxc6 bxc6 8. c4 Be7 9. Qc2 0-0 10. b3 Ba6 11. Nd2 Rc8 12. Bb2 Qb6 13. Rfd1 Ng4 14. e3 Bf6 1/2-1/2

[Event "HUN-chT2 Breyer 1112"]
[Site "Hungary"]
[Date "2011.11.13"]
[Round "3.3"]
[White "Kormos, Andras"]
[Black "Simon, Laszlo"]
[Result "1-0"]
[WhiteElo "2217"]
[BlackElo "2117"]
[PlyCount "116"]
[EventDate "2011.09.25"]
[EventType "team-tourn"]
[EventRounds "11"]
[EventCountry "HUN"]
[SourceTitle "EXT 2013"]
[Source "ChessBase"]
[SourceDate "2012.11.22"]
[SourceVersion "1"]
[SourceVersionDate "2012.11.22"]
[SourceQuality "1"]
[WhiteTeam "BEAC II"]
[BlackTeam "Husi"]
[WhiteTeamCountry "HUN"]
[BlackTeamCountry "HUN"]

1. g3 d5 2. Bg2 c6 3. Nf3 g6 4. d4 Bg7 5. 0-0 Nf6 6. b3 0-0 7. c4 dxc4 8. bxc4 c5 9. Bb2 Nfd7 10. e3 Qc7 11. Nbd2 Nc6 12. Rb1 cxd4 13. Nxd4 Nxd4 14. exd4 Rb8 15. Re1 e6 16. Qb3 Rd8 17. Ne4 Nf6 18. Ng5 h6 19. Nh3 Ne8 20. Rbd1 b6 21. Nf4 Ba6 22. Bf1 Rbc8 23. d5 e5 24. d6 Nxd6 25. Nd5 Qb7 26. Bg2 Bxc4 27. Qb4 Bxd5 28. Rxd5 Qc7 29. Rc1 Qxc1+ 30. Bxc1 Rxc1+ 31. Bf1 Bf8 32. Qd2 Rdc8 33. Rxd6 Bxd6 34. Qxd6 Re1 35. Kg2 e4 36. Qd2 Rec1 37. Qe3 R8c7 38. Qxe4 R1c2 39. a4 h5 40. Bd3 R2c3 41. Qe5 R3c5 42. Qf4 Kg7 43. Ba6 Rc2 44. Qe5+ Kg8 45. Bd3 R2c5 46. Qd4 Kh7 47. f4 f5 48. Kh3 Rc1 49. Kh4 Kh6 50. Qh8+ Rh7 51. Qf6 Rc5 52. h3 Rg7 53. g4 hxg4 54. hxg4 fxg4 55. Kxg4 Kh7 56. Kf3 Rgc7 57. f5 gxf5 58. Bxf5+ Kg8 1-0

[Event "HUN-chT2 Breyer 1112"]
[Site "Hungary"]
[Date "2011.09.26"]
[Round "1.4"]
[White "Simon, Laszlo"]
[Black "Papista, Akos"]
[Result "1-0"]
[WhiteElo "2117"]
[BlackElo "2161"]
[PlyCount "61"]
[EventDate "2011.09.25"]
[EventType "team-tourn"]
[EventRounds "11"]
[EventCountry "HUN"]
[SourceTitle "EXT 2013"]
[Source "ChessBase"]
[SourceDate "2012.11.22"]
[SourceVersion "1"]
[SourceVersionDate "2012.11.22"]
[SourceQuality "1"]
[WhiteTeam "Husi"]
[BlackTeam "Biatorbagy"]
[WhiteTeamCountry "HUN"]
[BlackTeamCountry "HUN"]

1. e4 e5 2. Nf3 d6 3. d4 Nf6 4. Nc3 Nbd7 5. Bc4 Be7 6. Ng5 0-0 7. Bxf7+ Rxf7 8. Ne6 Qe8 9. Nxc7 Qd8 10. Nxa8 b6 11. dxe5 Nxe5 12. Be3 Bg4 13. f3 Qxa8 14. fxg4 Nxe4 15. Qd5 Bh4+ 16. g3 Nf3+ 17. Kf1 Nxh2+ 18. Kg2 Qxd5 19. Nxd5 Bxg3 20. Rxh2 Bxh2 21. Kxh2 Rf3 22. Rg1 Kf7 23. Bd4 h6 24. Nc3 Ng5 25. Kg2 Kg6 26. Rf1 Rxf1 27. Kxf1 Ne6 28. Be3 h5 29. gxh5+ Kxh5 30. Nb5 Kg4 31. Kg2 1-0

[Event "HUN-chT2 Charousek 1011"]
[Site "Hungary"]
[Date "2011.04.17"]
[Round "9"]
[White "Simon, Laszlo"]
[Black "Heiligermann, Gabor"]
[Result "1-0"]
[WhiteElo "2138"]
[BlackElo "2115"]
[PlyCount "89"]
[EventDate "2010.09.12"]
[EventType "team-tourn"]
[EventRounds "11"]
[EventCountry "HUN"]
[SourceTitle "EXT 2012"]
[Source "ChessBase"]
[SourceDate "2011.11.24"]
[SourceVersion "1"]
[SourceVersionDate "2011.11.24"]
[SourceQuality "1"]
[WhiteTeam "Husi"]
[BlackTeam "Tapolca"]
[WhiteTeamCountry "HUN"]
[BlackTeamCountry "HUN"]

1. e4 c5 2. Nf3 Nc6 3. Bb5 g6 4. 0-0 Bg7 5. c3 e5 6. Bxc6 dxc6 7. d3 Ne7 8. Qe2 Bg4 9. h3 Bxf3 10. Qxf3 0-0 11. Qe2 Qd6 12. Na3 Rad8 13. Rd1 f5 14. Be3 b6 15. f3 f4 16. Bf2 g5 17. Nc4 Qe6 18. a4 Nc8 19. a5 Rf7 20. axb6 axb6 21. Ra8 Rfd7 22. Rxc8 Rxc8 23. Nxb6 Rcd8 24. Nxd7 Rxd7 25. Bxc5 Qb3 26. Rd2 Kf7 27. Qd1 Qb5 28. b4 Kg6 29. d4 Qc4 30. dxe5 Rxd2 31. Qxd2 Bxe5 32. Bd4 Bd6 33. e5 Be7 34. Qc2+ Kh6 35. Qf5 c5 36. bxc5 Bxc5 37. Qe4 Be7 38. e6 Qb5 39. Kh2 Qe8 40. Qe5 Qg6 41. c4 Kh5 42. c5 h6 43. c6 Qc2 44. Qg7 Bc5 45. e7 1-0

[Event "HUN-chT2 Charousek 1011"]
[Site "Hungary"]
[Date "2011.03.27"]
[Round "7"]
[White "Szegi, Tamas"]
[Black "Simon, Laszlo"]
[Result "1-0"]
[WhiteElo "2261"]
[BlackElo "2138"]
[PlyCount "43"]
[EventDate "2010.09.12"]
[EventType "team-tourn"]
[EventRounds "11"]
[EventCountry "HUN"]
[SourceTitle "EXT 2012"]
[Source "ChessBase"]
[SourceDate "2011.11.24"]
[SourceVersion "1"]
[SourceVersionDate "2011.11.24"]
[SourceQuality "1"]
[WhiteTeam "Kisber Aszar"]
[BlackTeam "Husi"]
[WhiteTeamCountry "HUN"]
[BlackTeamCountry "HUN"]

1. e4 c5 2. Nf3 Nc6 3. c3 Nf6 4. e5 Nd5 5. d4 cxd4 6. Bc4 Nb6 7. Bb3 dxc3 8. Nxc3 e6 9. 0-0 d5 10. exd6 Bxd6 11. Be3 Ne5 12. Nb5 Bb8 13. Qxd8+ Kxd8 14. Nxe5 Bxe5 15. Nxa7 Nd5 16. Rad1 Bxb2 17. Bxd5 exd5 18. Rxd5+ Ke7 19. Rb1 Be6 20. Rb5 Ba3 21. Bg5+ Kd6 22. Rd1+ 1-0

[Event "HUN-chT2 Erkel 0910"]
[Site "Hungary"]
[Date "2010.05.02"]
[Round "11.6"]
[White "Sillye, Kalman"]
[Black "Simon, Laszlo"]
[Result "1/2-1/2"]
[WhiteElo "2119"]
[BlackElo "2146"]
[PlyCount "82"]
[EventDate "2009.11.08"]
[EventType "team-tourn"]
[EventRounds "11"]
[EventCountry "HUN"]
[SourceTitle "EXT 2011"]
[Source "ChessBase"]
[SourceDate "2010.11.26"]
[SourceVersion "1"]
[SourceVersionDate "2010.11.26"]
[SourceQuality "1"]
[WhiteTeam "Godollo"]
[BlackTeam "Husi"]
[WhiteTeamCountry "HUN"]
[BlackTeamCountry "HUN"]

1. d4 Nf6 2. Nf3 e6 3. Bf4 b6 4. e3 Be7 5. h3 0-0 6. Nbd2 c5 7. c3 d5 8. Bd3 Bb7 9. Qe2 Nbd7 10. 0-0 Ne4 11. Ne5 Nxe5 12. Bxe5 Nxd2 13. Qxd2 Bd6 14. Bxd6 Qxd6 15. f4 f5 16. g4 c4 17. Bc2 b5 18. Qg2 Qe7 19. Kh2 Kh8 20. Rg1 a5 21. Raf1 Rf6 22. Rf3 Rg8 23. Rg3 Rf7 24. Qe2 Bc8 25. Qg2 Qd7 26. h4 Bb7 27. Qh3 Bc8 28. h5 Rf6 29. Qh4 Rf7 30. gxf5 exf5 31. Rg5 Qe7 32. Qh3 Qf6 33. R1g3 Rgf8 34. Qg2 Be6 35. Rh3 Qe7 36. Kg1 Rg8 37. Rhg3 Rf6 38. Rh3 Rgf8 39. Rhg3 Rg8 40. Qh3 Qd7 41. Rg2 Rf7 1/2-1/2

[Event "HUN-chT2 Erkel 0910"]
[Site "Hungary"]
[Date "2010.04.18"]
[Round "10.6"]
[White "Simon, Laszlo"]
[Black "Torok, Tamas Titusz"]
[Result "0-1"]
[WhiteElo "2146"]
[BlackElo "2113"]
[PlyCount "48"]
[EventDate "2009.11.08"]
[EventType "team-tourn"]
[EventRounds "11"]
[EventCountry "HUN"]
[SourceTitle "EXT 2011"]
[Source "ChessBase"]
[SourceDate "2010.11.26"]
[SourceVersion "1"]
[SourceVersionDate "2010.11.26"]
[SourceQuality "1"]
[WhiteTeam "Husi"]
[BlackTeam "Pestszentlorinc"]
[WhiteTeamCountry "HUN"]
[BlackTeamCountry "HUN"]

1. e4 e5 2. Nf3 Nc6 3. Bb5 Nd4 4. Nxd4 exd4 5. 0-0 c6 6. Bc4 Nf6 7. Re1 d6 8. c3 Ng4 9. h3 Ne5 10. Bf1 d3 11. f4 Ng6 12. Qf3 Qf6 13. g3 h5 14. Qxd3 h4 15. f5 hxg3 16. Qxg3 Nh4 17. d4 Be7 18. Bd3 g6 19. e5 dxe5 20. dxe5 Qg7 21. e6 fxe6 22. fxe6 Qf6 23. Rf1 Qxe6 24. Re1 Nf3+ 0-1

[Event "HUN-chT2 Erkel 0910"]
[Site "Hungary"]
[Date "2010.02.28"]
[Round "7.4"]
[White "Halak, Miklos"]
[Black "Simon, Laszlo"]
[Result "1/2-1/2"]
[WhiteElo "2083"]
[BlackElo "2146"]
[PlyCount "73"]
[EventDate "2009.11.08"]
[EventType "team-tourn"]
[EventRounds "11"]
[EventCountry "HUN"]
[SourceTitle "EXT 2011"]
[Source "ChessBase"]
[SourceDate "2010.11.26"]
[SourceVersion "1"]
[SourceVersionDate "2010.11.26"]
[SourceQuality "1"]
[WhiteTeam "Foti"]
[BlackTeam "Husi"]
[WhiteTeamCountry "HUN"]
[BlackTeamCountry "HUN"]

1. e4 c5 2. Nf3 e6 3. b3 Nc6 4. Bb2 d6 5. Bb5 a6 6. Bxc6+ bxc6 7. c3 Be7 8. 0-0 Bd7 9. d4 cxd4 10. cxd4 d5 11. Nbd2 Bd6 12. e5 Be7 13. a3 a5 14. Rc1 Nh6 15. Re1 0-0 16. Nf1 Nf5 17. Ne3 Nxe3 18. fxe3 Qb6 19. e4 Rab8 20. Rc3 Rfc8 21. exd5 exd5 22. Kh1 Be6 23. Qd3 c5 24. dxc5 Rxc5 25. Rec1 Rxc3 26. Rxc3 g6 27. Qd4 Qb5 28. Kg1 Rc8 29. a4 Qb7 30. Rxc8+ Qxc8 31. Qc3 Qa6 32. Nd4 Bb4 33. Qc2 Qb6 34. Kf1 Bc5 35. Qd3 Bxd4 36. Bxd4 Qc7 37. Qc3 1/2-1/2

[Event "HUN-chT2 Erkel 0910"]
[Site "Hungary"]
[Date "2010.02.14"]
[Round "6.6"]
[White "Simon, Laszlo"]
[Black "Repasi, Zoltan Jr"]
[Result "1/2-1/2"]
[WhiteElo "2146"]
[BlackElo "2167"]
[PlyCount "90"]
[EventDate "2009.11.08"]
[EventType "team-tourn"]
[EventRounds "11"]
[EventCountry "HUN"]
[SourceTitle "EXT 2011"]
[Source "ChessBase"]
[SourceDate "2010.11.26"]
[SourceVersion "1"]
[SourceVersionDate "2010.11.26"]
[SourceQuality "1"]
[WhiteTeam "Husi"]
[BlackTeam "Dunaharaszti"]
[WhiteTeamCountry "HUN"]
[BlackTeamCountry "HUN"]

1. e4 Nf6 2. e5 Nd5 3. Nc3 Nxc3 4. dxc3 Nc6 5. Nf3 d5 6. h3 Bf5 7. Bf4 e6 8. Bb5 Qd7 9. Nd4 a6 10. Bxc6 bxc6 11. Nxf5 exf5 12. 0-0 Bc5 13. Qd3 0-0 14. Rfe1 Qe6 15. Be3 Be7 16. f4 Rfe8 17. Kh2 c5 18. Rad1 Rad8 19. Bf2 g6 20. b3 c4 21. Qe3 h5 22. Rb1 cxb3 23. axb3 c5 24. Ra1 Qc6 25. Qe2 c4 26. b4 f6 27. Bd4 Bd6 28. Qf2 fxe5 29. Bxe5 Bxe5 30. fxe5 Re6 31. Ra5 Kh7 32. Qd4 Re7 33. g3 Qe6 34. Rc5 Red7 35. h4 Re8 36. Ra5 Kg8 37. b5 axb5 38. Rxb5 Kh7 39. Rb6 Qe7 40. e6 Rd6 41. Qc5 Rxe6 42. Rbxe6 Qxc5 43. Rxe8 Qf2+ 44. Kh3 Kg7 45. R1e7+ Kf6 1/2-1/2

[Event "HUN-chT2 Maroczy 0809"]
[Site "Hungary"]
[Date "2009.04.19"]
[Round "11"]
[White "Simon, Laszlo"]
[Black "Acs, Gabor"]
[Result "1-0"]
[WhiteElo "2134"]
[BlackElo "2132"]
[PlyCount "109"]
[EventDate "2008.10.26"]
[EventType "team-tourn"]
[EventRounds "11"]
[EventCountry "HUN"]
[SourceTitle "EXT 2010"]
[Source "ChessBase"]
[SourceDate "2010.11.25"]
[SourceVersion "1"]
[SourceVersionDate "2010.11.25"]
[SourceQuality "1"]
[WhiteTeam "Husi"]
[BlackTeam "Miskolc EMSE"]
[WhiteTeamCountry "HUN"]
[BlackTeamCountry "HUN"]

1. e4 e5 2. Nf3 Nc6 3. Bb5 a6 4. Ba4 d6 5. 0-0 Bd7 6. c3 g6 7. d4 Bg7 8. Re1 Nge7 9. dxe5 dxe5 10. Nbd2 0-0 11. Nf1 Bg4 12. Qe2 Qc8 13. Ne3 Bxf3 14. Qxf3 f5 15. exf5 gxf5 16. Nd5 e4 17. Nxe7+ Nxe7 18. Qh5 Kh8 19. Re3 Qe6 20. Rh3 Qg6 21. Bg5 Qxh5 22. Rxh5 Ng6 23. Rd1 Ne5 24. Rd5 c6 25. Rd6 Nc4 26. Re6 Nxb2 27. Bb3 Rae8 28. Rd6 Nd3 29. Rd7 Nc5 30. Rc7 Nxb3 31. axb3 f4 32. Bh6 Bxh6 33. Rxh6 Kg8 34. Rhxh7 Rf5 35. Rcg7+ Kf8 36. Rxb7 Kg8 37. b4 Rg5 38. Kf1 e3 39. fxe3 fxe3 40. Rhe7 e2+ 41. Rxe2 Rxe2 42. Kxe2 Rxg2+ 43. Kd3 Rxh2 44. Rc7 Rh6 45. Kc4 Kf8 46. Kc5 Ke8 47. Rxc6 Rh5+ 48. Kb6 Kd7 49. Rg6 Rh3 50. c4 Rh4 51. Rc6 a5 52. bxa5 Rh1 53. Kb7 Rb1+ 54. Rb6 Rc1 55. Rb4 1-0

[Event "HUN-chT2 Maroczy 0809"]
[Site "Hungary"]
[Date "2009.04.05"]
[Round "10"]
[White "Marjanovics, Gyorgy"]
[Black "Simon, Laszlo"]
[Result "0-1"]
[WhiteElo "2049"]
[BlackElo "2134"]
[PlyCount "118"]
[EventDate "2008.10.26"]
[EventType "team-tourn"]
[EventRounds "11"]
[EventCountry "HUN"]
[SourceTitle "EXT 2010"]
[Source "ChessBase"]
[SourceDate "2010.11.25"]
[SourceVersion "1"]
[SourceVersionDate "2010.11.25"]
[SourceQuality "1"]
[WhiteTeam "Maroczy"]
[BlackTeam "Husi"]
[WhiteTeamCountry "HUN"]
[BlackTeamCountry "HUN"]

1. e4 c5 2. Nf3 e6 3. b3 Nc6 4. Bb5 Qb6 5. Nc3 Nd4 6. Bd3 a6 7. Bb2 Nxf3+ 8. Qxf3 d6 9. 0-0 Qc7 10. a4 b6 11. Qg3 Bb7 12. f4 h5 13. Ne2 Nf6 14. e5 h4 15. Qh3 Nd5 16. f5 dxe5 17. fxe6 f6 18. Bg6+ Kd8 19. c3 Rh6 20. Bf7 Bd6 21. d4 exd4 22. cxd4 Ke7 23. dxc5 Bxc5+ 24. Bd4 Kf8 25. Rac1 Qe5 26. Rxc5 Qxe2 27. Rcc1 g5 28. Qf3 Qxf3 29. gxf3 Rh8 30. Kf2 Kg7 31. Rg1 Nf4 32. Ke3 Nh3 33. Rgd1 Nf4 34. Bxb6 Nd5+ 35. Rxd5 Bxd5 36. b4 Rac8 37. Rd1 Bb3 38. Rd7 Bxa4 39. Ra7 Ra8 40. Re7 Bb5 41. Kd4 Rhc8 42. Bc5 Rd8+ 43. Ke4 Bd3+ 44. Ke3 Bg6 45. Be8+ Kh6 46. Bc6 Rd3+ 47. Ke2 Rad8 48. Bd7 Rd5 49. Ke3 f5 50. Bb6 f4+ 51. Ke2 Rb8 52. Ba5 Rb7 53. Ke1 Rd3 54. Ke2 Re3+ 55. Kf2 Bh5 56. Kg2 Bxf3+ 57. Kf2 Bh5 58. Kf1 h3 59. Kf2 Re2+ 0-1

[Event "HUN-chT2 Maroczy 0809"]
[Site "Hungary"]
[Date "2009.03.08"]
[Round "9"]
[White "Simon, Laszlo"]
[Black "Antal, Laszlo"]
[Result "1-0"]
[WhiteElo "2134"]
[BlackElo "2202"]
[PlyCount "83"]
[EventDate "2008.10.26"]
[EventType "team-tourn"]
[EventRounds "11"]
[EventCountry "HUN"]
[SourceTitle "EXT 2010"]
[Source "ChessBase"]
[SourceDate "2010.11.25"]
[SourceVersion "1"]
[SourceVersionDate "2010.11.25"]
[SourceQuality "1"]
[WhiteTeam "Husi"]
[BlackTeam "Fuzesabony"]
[WhiteTeamCountry "HUN"]
[BlackTeamCountry "HUN"]

1. e4 e5 2. Nf3 Nc6 3. Bb5 a6 4. Ba4 Nf6 5. 0-0 Be7 6. Qe2 b5 7. Bb3 0-0 8. c3 d5 9. d3 Bg4 10. h3 Bh5 11. exd5 Na5 12. Qxe5 Bxf3 13. gxf3 Nxb3 14. axb3 Bd6 15. Qf5 g6 16. Qg5 Re8 17. d4 Nxd5 18. Qxd8 Raxd8 19. Rxa6 Nf4 20. Bxf4 Bxf4 21. Na3 Rd5 22. Rb1 Re2 23. Kf1 Rd2 24. Ra8+ Kg7 25. Re8 Rf5 26. Re4 Bh6 27. Kg2 Rd3 28. Re5 Rxe5 29. dxe5 b4 30. cxb4 Rxb3 31. Nb5 c5 32. Nc7 cxb4 33. e6 fxe6 34. Nxe6+ Kf7 35. Nc5 Rc3 36. bxc3 bxc3 37. Nd3 Ke6 38. f4 Kd5 39. Kf3 Kd4 40. Ke2 c2 41. Rb8 Bxf4 42. Rc8 1-0

[Event "HUN-chT2 Maroczy 0809"]
[Site "Hungary"]
[Date "2008.11.02"]
[Round "2"]
[White "Simon, Laszlo"]
[Black "Uzonyi, David"]
[Result "1/2-1/2"]
[WhiteElo "2134"]
[BlackElo "1880"]
[PlyCount "75"]
[EventDate "2008.10.26"]
[EventType "team-tourn"]
[EventRounds "11"]
[EventCountry "HUN"]
[SourceTitle "EXT 2010"]
[Source "ChessBase"]
[SourceDate "2010.11.25"]
[SourceVersion "1"]
[SourceVersionDate "2010.11.25"]
[SourceQuality "1"]
[WhiteTeam "Husi"]
[BlackTeam "Hajduboszormeny"]
[WhiteTeamCountry "HUN"]
[BlackTeamCountry "HUN"]

1. e4 c5 2. Nf3 Nf6 3. e5 Nd5 4. c3 d6 5. d4 cxd4 6. Qxd4 dxe5 7. Nxe5 e6 8. Bb5+ Bd7 9. Nxd7 Nxd7 10. 0-0 a6 11. Ba4 Qc7 12. Rd1 b5 13. Bb3 N7f6 14. Bxd5 Nxd5 15. Bg5 f6 16. Bh4 Bd6 17. Bg3 Bxg3 18. hxg3 Rd8 19. Qe4 Kf7 20. Re1 Qb6 21. Na3 f5 22. Qe5 Nf6 23. Rad1 Rxd1 24. Rxd1 Qxf2+ 25. Kxf2 Ng4+ 26. Ke2 Nxe5 27. Rd6 Ra8 28. b3 g5 29. Nc2 Rc8 30. Nd4 Rxc3 31. Rxe6 Ng4 32. Rxa6 Rxg3 33. Nxf5 Rxg2+ 34. Kf3 Rg1 35. Nd6+ Kg7 36. Nf5+ Kf7 37. Nd6+ Kg7 38. Nf5+ 1/2-1/2

[Event "HUN-chT2 Charousek 0708"]
[Site "Hungary"]
[Date "2007.11.25"]
[Round "3"]
[White "Simon, Laszlo"]
[Black "Domsa, Valeria"]
[Result "1-0"]
[WhiteElo "2141"]
[BlackElo "1811"]
[PlyCount "45"]
[EventDate "2007.10.14"]
[EventType "team"]
[EventRounds "11"]
[EventCountry "HUN"]
[SourceTitle "EXT 2009"]
[Source "ChessBase"]
[SourceDate "2008.11.26"]
[SourceVersion "1"]
[SourceVersionDate "2008.11.26"]
[SourceQuality "1"]
[WhiteTeam "Husi"]
[BlackTeam "Nagykanizsa II"]
[WhiteTeamCountry "HUN"]
[BlackTeamCountry "HUN"]

1. e4 c6 2. Nc3 d5 3. Nf3 dxe4 4. Nxe4 Nd7 5. Bc4 h6 6. 0-0 Ngf6 7. Qe2 e6 8. d4 Nxe4 9. Qxe4 Nf6 10. Qe2 Bd6 11. a4 Qc7 12. b3 Bd7 13. Bb2 Be7 14. Ne5 Nd5 15. Bd3 Bf6 16. f4 h5 17. Rae1 g6 18. Kh1 Bxe5 19. fxe5 0-0 20. Ba3 Rfe8 21. Qf2 Bc8 22. c4 Nb6 23. a5 1-0

[Event "HUN-chT2 Erkel 0607"]
[Site "Hungary"]
[Date "2007.05.06"]
[Round "10"]
[White "Simon, Laszlo"]
[Black "Paksi, Gyula"]
[Result "1/2-1/2"]
[WhiteElo "2210"]
[BlackElo "2031"]
[PlyCount "44"]
[EventDate "2006.11.12"]
[EventType "team"]
[EventRounds "11"]
[EventCountry "HUN"]
[SourceTitle "EXT 2008"]
[Source "ChessBase"]
[SourceDate "2007.11.25"]
[SourceVersion "1"]
[SourceVersionDate "2007.11.25"]
[SourceQuality "1"]
[WhiteTeam "Heesi II"]
[BlackTeam "Foti"]
[WhiteTeamCountry "HUN"]
[BlackTeamCountry "HUN"]

1. e4 e5 2. Nf3 Nf6 3. Nxe5 d6 4. Nf3 Nxe4 5. Qe2 Qe7 6. d3 Nf6 7. Bg5 Qxe2+ 8. Bxe2 Be7 9. Nc3 Bd7 10. 0-0-0 Nc6 11. d4 0-0-0 12. h3 Bf5 13. Bd3 Bxd3 14. Rxd3 h6 15. Bxf6 Bxf6 16. Nd5 Bg5+ 17. Nxg5 hxg5 18. Re1 Rhe8 19. Rxe8 Rxe8 20. Kd2 Kd7 21. c3 Nd8 22. Rf3 c6 1/2-1/2